Normal view
MARC view
Entry Personal Name
001 - CONTROL NUMBER
- control field: 52185
003 - CONTROL NUMBER IDENTIFIER
- control field: OSt
005 - DATE AND TIME OF LATEST TRANSACTION
- control field: 20250417162830.0
008 - FIXED-LENGTH DATA ELEMENTS
- fixed length control field: 250417|| aca||aabn | a|a d
040 ## - CATALOGING SOURCE
- Original cataloging agency: OSt
- Transcribing agency: OSt
100 ## - HEADING--PERSONAL NAME
- Personal name: Sikka Gaurav, and Bharti, Prerna
670 ## - SOURCE DATA FOUND
- Source citation: Work cat.: (OSt): Sikka Gaurav, and Bharti, Prerna , Mapping the spatial imbalance of higher education institutions in Bihar
